000 00337nam a22001457a 4500
008 210429b ||||| |||| 00| 0 eng d
020 _a2900321783959
041 _aeng
080 _25th
_a510
082 _a510
100 _a36
101 _aMAT
245 _aCollege Algebra Graphs and Models
_cMarvin L. Bittinger
942 _2udc
_cBK
999 _c56927
_d56927